000 00484nam a22001817a 4500
003 OSt
005 20260206044912.0
008 260206b |||||||| |||| 00| 0 eng d
020 _a971-550-265-2
040 _aDWCL-Main Lib
_cOC
082 _aFil. 899.211 B183 2005
100 _aPascual, benjamin
245 _aBabaeng misteryosa
260 _aQuezon City :
_bADMU Press,
_cc1997
300 _aix, 282 p.
_c18 cm.
650 _aFilipino fiction.
942 _2ddc
_cBK - FIL
_mFil.
_n0
999 _c8306
_d8306